[Event " "]
[Site "Reims"]
[Date "11.??.??"]
[Round "7.7"]
[White "Gozillon, Matthieu"]
[Black "Eustache, Boris"]
[Result "0-1"]
[WhiteElo "1893"]
[BlackElo "2147"]
[PlyCount "64"]
[EventDate "11.??.??"]
[WhiteTeam "Reims Echecs Mat"]
[BlackTeam "Paris Chess Club II"]

1. e4 e6 2. d4 d5 3. exd5 exd5 4. c4 Be6 5. c5 b6 6. b4 a5 7. bxa5 bxc5 8. dxc5
Qf6 9. Qb3 Bxc5 10. Nf3 Qxa1 11. Qb7 Ne7 12. Bb5+ c6 13. Qxa8 Bb4+ 14. Ke2
Qxa2+ 15. Nbd2 O-O 16. Bd3 Qxa5 17. Qxa5 Bxa5 18. Ba3 Re8 19. Rb1 Ng6 20. Bd6
Bf5+ 21. Kd1 Bxd3 22. Rxb8 Rxb8 23. Bxb8 Bb6 24. Ke1 c5 25. Nb3 Bc2 26. Nc1 Be4
27. Ke2 c4 28. Bd6 d4 29. Nd2 Bd5 30. f3 f5 31. g3 d3+ 32. Ke1 c3 0-1

[Event " "]
[Site "Reims"]
[Date "11.??.??"]
[Round "7.8"]
[White "Rigolot, Lucie"]
[Black "Benkirane, Amine"]
[Result "1-0"]
[WhiteElo "1659"]
[BlackElo "1720"]
[PlyCount "45"]
[EventDate "11.??.??"]
[WhiteTeam "Paris Chess Club II"]

1. e4 e6 2. d4 d5 3. Nd2 c5 4. exd5 cxd4 5. dxe6 Bxe6 6. Ngf3 Bb4 7. Bb5+ Nc6
8. O-O a6 9. Ba4 Bxd2 10. Bxc6+ bxc6 11. Bxd2 Nf6 12. Bb4 d3 13. cxd3 Nd5 14.
Ba3 Nf4 15. d4 Qd5 16. Re1 O-O-O 17. Re5 Qd7 18. Ra5 Bc4 19. Qd2 Ne2+ 20. Kh1
Nxd4 21. Ne5 Nb3 22. Qxd7+ Rxd7 23. axb3 1-0

[Event " "]
[Site "Vincennes"]
[Date "11.??.??"]
[Round "7.1"]
[White "Fedorchuk, Sergey A"]
[Black "Pira, Davoud"]
[Result "1-0"]
[WhiteElo "2601"]
[BlackElo "2395"]
[PlyCount "57"]
[EventDate "11.??.??"]
[WhiteTeam "Vincennes"]
[BlackTeam "Lutèce Echecs"]

1. e4 g6 2. d4 Bg7 3. Nc3 d6 4. Be3 Nd7 5. Qd2 a6 6. a4 b6 7. Nf3 Bb7 8. Bd3 e6
9. O-O h6 10. Rad1 Ne7 11. Ne2 Nf6 12. Ng3 Ng4 13. Bf4 e5 14. dxe5 dxe5 15. Bc4
Nc6 16. Qc3 Qe7 17. Bd5 exf4 18. Qxg7 O-O-O 19. Ne2 Nge5 20. Nxe5 Nxe5 21.
Bxb7+ Kxb7 22. Rxd8 Rxd8 23. Nxf4 Rd2 24. Qxh6 Rxc2 25. Nd5 Qc5 26. h3 Rxb2 27.
Qf4 Qd4 28. Rc1 c6 29. Ne3 {suite illisible} 1-0

[Event " "]
[Site "Vincennes"]
[Date "11.??.??"]
[Round "7.2"]
[White "San Emeterio Cabanes, Jose L"]
[Black "Velikov, Petar"]
[Result "1/2-1/2"]
[WhiteElo "2392"]
[BlackElo "2457"]
[PlyCount "30"]
[EventDate "11.??.??"]
[WhiteTeam "Lutèce Echecs"]

1. b3 d5 2. e3 Nf6 3. Bd3 Bg4 4. Be2 Bxe2 5. Qxe2 c6 6. f4 e6 7. Nf3 Be7 8. O-O
O-O 9. d3 a5 10. a4 Na6 11. Kh1 Nd7 12. e4 dxe4 13. dxe4 Bf6 14. e5 Be7 15.
Nbd2 Ndc5 1/2-1/2

[Event " "]
[Site "Vincennes"]
[Date "11.??.??"]
[Round "7.3"]
[White "Jablonski, Noham"]
[Black "Babault, Patrice"]
[Result "0-1"]
[WhiteElo "2258"]
[BlackElo "2310"]
[PlyCount "90"]
[EventDate "11.??.??"]
[WhiteTeam "Vincennes"]
[BlackTeam "Lutèce Echecs"]

1. e4 c5 2. Nf3 d6 3. d4 cxd4 4. Nxd4 Nc6 5. Nc3 Qc7 6. g3 a6 7. Bg2 e6 8. O-O
Bd7 9. Nb3 Nf6 10. a4 Be7 11. a5 Ne5 12. f4 Nc4 13. Qe2 e5 14. f5 Rc8 15. g4 h6
16. Bf3 b5 17. axb6 Qxb6+ 18. Kg2 Bb5 19. h4 d5 20. exd5 e4 21. Bxe4 Nxe4 22.
Nxb5 Qxb5 23. Qxe4 Nd6 24. Qd3 Rc4 25. Rf4 h5 26. Ra5 Rxf4 27. Qxb5+ Nxb5 28.
Bxf4 hxg4 29. Rxa6 Rh5 30. c4 Rxf5 31. Kg3 Bd6 32. Bxd6 Nxd6 33. Kxg4 Rf6 34.
c5 Ne4 35. Ra8+ Kd7 36. Ra7+ Kc8 37. Re7 Rf1 38. d6 f5+ 39. Kh3 Rf3+ 40. Kg2
Rg3+ 41. Kf1 Rxb3 42. Rxg7 Rxb2 43. h5 f4 44. h6 f3 45. Kg1 f2+ 0-1

[Event " "]
[Site "Vincennes"]
[Date "11.??.??"]
[Round "7.4"]
[White "Lamorelle, Yves"]
[Black "Carbonnel, Pierre"]
[Result "0-1"]
[WhiteElo "2225"]
[BlackElo "2269"]
[PlyCount "60"]
[EventDate "11.??.??"]
[WhiteTeam "Lutèce Echecs"]

1. e4 c5 2. Nf3 d6 3. d4 cxd4 4. Qxd4 a6 5. c4 Nc6 6. Qd2 g6 7. b3 Bg7 8. Bb2
Nf6 9. Nc3 O-O 10. Be2 Bg4 11. O-O Qa5 12. Rad1 Rac8 13. a3 e6 14. b4 Qc7 15.
Rc1 Qb8 16. Rfd1 Rfd8 17. Ng5 Bxe2 18. Qxe2 Ne5 19. Na4 Nh5 20. g3 b5 21. Bxe5
Bxe5 22. cxb5 Qxb5 23. Qxb5 axb5 24. Nb6 Rxc1 25. Rxc1 Bd4 26. Nc8 Nf6 27. Rd1
Bxf2+ 28. Kxf2 Rxc8 29. Rxd6 h6 30. e5 Ng4+ 0-1

[Event " "]
[Site "Vincennes"]
[Date "11.??.??"]
[Round "7.5"]
[White "Peyrat, Olivier"]
[Black "Garbarino, Xavier"]
[Result "1-0"]
[WhiteElo "2260"]
[BlackElo "2242"]
[PlyCount "79"]
[EventDate "11.??.??"]
[WhiteTeam "Vincennes"]
[BlackTeam "Lutèce Echecs"]

1. Nf3 Nc6 2. c4 e5 3. Nc3 f5 4. d4 e4 5. Ng5 Nf6 6. h4 Bb4 7. e3 d6 8. Bd2 O-O
9. a3 Bxc3 10. Bxc3 f4 11. Be2 fxe3 12. fxe3 Ne7 13. g4 d5 14. Bb4 a5 15. Bxe7
Qxe7 16. cxd5 Qd6 17. Kd2 Nxd5 18. Nxe4 Qe7 19. Bd3 h5 20. Qb3 c6 21. Rae1 Bxg4
22. Ng5 Kh8 23. Be4 a4 24. Qd3 Nf6 25. Bg6 c5 26. Rhf1 Rad8 27. Rf4 Qc7 28. Rc1
Nd5 29. Bxh5 g6 30. Rxf8+ Rxf8 31. Bxg4 Rf2+ 32. Be2 Qa5+ 33. Kd1 Qb6 34. dxc5
Qxb2 35. Qd4+ Qxd4+ 36. exd4 Rh2 37. Nf3 Rg2 38. Ke1 Nf4 39. Bf1 Ra2 40. Rc3
1-0

[Event " "]
[Site "Vincennes"]
[Date "11.??.??"]
[Round "7.6"]
[White "Stoven, Gilles-Noel"]
[Black "Rabeyrin, Jean-Jacques"]
[Result "0-1"]
[WhiteElo "2159"]
[BlackElo "2283"]
[PlyCount "98"]
[EventDate "11.??.??"]
[WhiteTeam "Lutèce Echecs"]

1. e4 c5 2. d4 cxd4 3. c3 Nf6 4. e5 Nd5 5. Nf3 e6 6. cxd4 d6 7. Nc3 Nxc3 8.
bxc3 Qc7 9. Bd2 Nd7 10. exd6 Bxd6 11. Ng5 O-O 12. Qf3 Nf6 13. Bd3 e5 14. O-O
exd4 15. cxd4 Bg4 16. Bxh7+ Kh8 17. Qd3 Bxh2+ 18. Kh1 Bf4 19. Be4 Rae8 20. f3
Bc8 21. Rfd1 Nh5 22. g4 Bxg5 23. Bxg5 Bxg4 24. fxg4 Ng3+ 25. Kg2 Nxe4 26. Rac1
Qd6 27. Rh1+ Kg8 28. Qh3 f6 29. Be3 Qg3+ 30. Qxg3 Nxg3 31. Rhe1 Ne4 32. Rc7 Rf7
33. Rec1 Ree7 34. Rc8+ Kh7 35. Rd8 Rd7 36. Rcc8 Kg6 37. Kf3 Nd6 38. Rxd7 Rxd7
39. Rc5 b6 40. Rc6 Kf7 41. a4 Ke6 42. Bf2 Kd5 43. Rc2 Re7 44. a5 Nc4 45. axb6
axb6 46. Kg3 b5 47. Rc3 Re2 48. Rf3 Nd6 49. Bg1 b4 0-1

[Event " "]
[Site "Vincennes"]
[Date "11.??.??"]
[Round "7.7"]
[White "Schabanel, Stephane"]
[Black "Derieux, Christian"]
[Result "0-1"]
[WhiteElo "2288"]
[BlackElo "2134"]
[PlyCount "48"]
[EventDate "11.??.??"]
[WhiteTeam "Vincennes"]
[BlackTeam "Lutèce Echecs"]

1. e4 c5 2. Nf3 d6 3. d4 cxd4 4. Nxd4 Nf6 5. Nc3 g6 6. Be3 Bg7 7. f3 Nc6 8. Qd2
O-O 9. O-O-O d5 10. exd5 Nxd5 11. Nxc6 bxc6 12. Bd4 e5 13. Bc5 Be6 14. Ne4 Re8
15. h4 h5 16. g4 hxg4 17. h5 g5 18. h6 Bf6 19. Ba6 Rb8 20. fxg4 Nf4 21. Qe3 Bd5
22. c4 Bxe4 23. Rxd8 Rexd8 24. Rd1 Rxd1+ 0-1

[Event " "]
[Site "Vincennes"]
[Date "11.??.??"]
[Round "7.8"]
[White "Dacalor, Aurelie"]
[Black "Descroix, Claire"]
[Result "1-0"]
[WhiteElo "2016"]
[BlackElo "1620"]
[PlyCount "37"]
[EventDate "11.??.??"]
[WhiteTeam "Lutèce Echecs"]

1. d4 d5 2. c4 Nc6 3. Nc3 Nf6 4. cxd5 Nxd5 5. e4 Nf6 6. d5 Ne5 7. f4 Bg4 8. Qb3
Ned7 9. h3 Bh5 10. g4 Nb6 11. gxh5 Nxh5 12. Bb5+ Nd7 13. Bxd7+ Qxd7 14. Qxb7
Rc8 15. Nf3 Rd8 16. Ne5 Qd6 17. Nb5 Qb4+ 18. Kd1 e6 19. Nxc7+ 1-0

[Event " "]
[Site "Lyon Olympique Echecs"]
[Date "17.??.??"]
[Round "8.1"]
[White "Sanchez, Joseph"]
[Black "Glicenstein, Asher"]
[Result "1-0"]
[WhiteElo "2482"]
[BlackElo "2271"]
[PlyCount "55"]
[EventDate "17.??.??"]
[WhiteTeam "Cannes II"]
[BlackTeam "Paris Chess Club II"]

1. e4 c5 2. Nf3 d6 3. d4 cxd4 4. Nxd4 Nf6 5. Nc3 a6 6. Be3 e5 7. Nb3 Be6 8. Qd2
Nbd7 9. f3 Be7 10. g4 O-O 11. O-O-O b5 12. g5 b4 13. Ne2 Ne8 14. Kb1 a5 15. f4
Nb6 16. Bxb6 Qxb6 17. f5 Bc4 18. Ng3 Bxf1 19. Rhxf1 a4 20. Nc1 Bd8 21. h4 b3
22. cxb3 axb3 23. Nxb3 Qa7 24. Nc1 Bb6 25. Rf3 Bc5 26. h5 g6 27. hxg6 Ng7 28.
Nh5 1-0

[Event " "]
[Site "Lyon Olympique Echecs"]
[Date "17.??.??"]
[Round "8.2"]
[White "Karim, Ismael"]
[Black "Govciyan, Pavel"]
[Result "1/2-1/2"]
[WhiteElo "2324"]
[BlackElo "2414"]
[PlyCount "31"]
[EventDate "17.??.??"]
[WhiteTeam "Paris Chess Club II"]

1. e4 e5 2. Nf3 Nc6 3. Bc4 Nf6 4. d3 Be7 5. O-O d6 6. c3 O-O 7. Bb3 d5 8. Nbd2
dxe4 9. dxe4 Bg4 10. h3 Bh5 11. Qe2 Nd7 12. Rd1 Nc5 13. Nf1 Bd6 14. Ng3 Nxb3
15. axb3 Bg6 16. Be3 1/2-1/2

[Event " "]
[Site "Lyon Olympique Echecs"]
[Date "17.??.??"]
[Round "8.3"]
[White "Peric, Slavisa"]
[Black "Lecuyer, Christian"]
[Result "1-0"]
[WhiteElo "2306"]
[BlackElo "2228"]
[PlyCount "87"]
[EventDate "17.??.??"]
[WhiteTeam "Cannes II"]
[BlackTeam "Paris Chess Club II"]

1. d4 Nf6 2. Nf3 d6 3. g3 g6 4. Bg2 Bg7 5. O-O O-O 6. Re1 Nbd7 7. e4 e5 8. Nc3
Re8 9. h3 c6 10. a4 a5 11. Be3 Qc7 12. Qd2 exd4 13. Nxd4 Nc5 14. f3 d5 15. exd5
cxd5 16. Bf2 Rxe1+ 17. Rxe1 Be6 18. Ncb5 Qd7 19. Nxe6 Nxe6 20. h4 Qc6 21. b3
Bf8 22. Re2 Bc5 23. Qe1 Rd8 24. Bh3 Bxf2+ 25. Qxf2 Nc7 26. Nd4 Qc5 27. Rd2 Re8
28. Kh2 b5 29. Nxb5 Qxf2+ 30. Rxf2 Na6 31. Bf1 Re1 32. Nd4 Nc5 33. Nc6 Ne6 34.
Nxa5 h6 35. Nc6 g5 36. hxg5 hxg5 37. Bd3 g4 38. f4 Nc5 39. a5 Nfe4 40. Rg2 Ra1
41. b4 Nxd3 42. cxd3 Nc3 43. Rd2 Nb1 44. Rb2 1-0

[Event " "]
[Site "Lyon Olympique Echecs"]
[Date "17.??.??"]
[Round "8.4"]
[White "Lopez, Jorge"]
[Black "Canneva, Florian"]
[Result "1-0"]
[WhiteElo "2271"]
[BlackElo "2087"]
[PlyCount "129"]
[EventDate "17.??.??"]
[WhiteTeam "Paris Chess Club II"]

1. d4 Nf6 2. Nf3 g6 3. Bf4 Bg7 4. e3 d6 5. Bc4 O-O 6. O-O Nc6 7. Nc3 a6 8. a4
Bd7 9. h3 h6 10. e4 Nh5 11. Bh2 e5 12. dxe5 Nxe5 13. Be2 Nc6 14. Re1 Re8 15.
Bf1 Ne5 16. Nd4 Qg5 17. Nd5 Qd8 18. Nf5 gxf5 19. Qxh5 fxe4 20. Rxe4 Bc6 21. Qd1
Qg5 22. f4 Nf3+ 23. Qxf3 Qxd5 24. Rxe8+ Rxe8 25. Qxd5 Bxd5 26. c3 Bc6 27. Kf2
d5 28. f5 d4 29. c4 Be4 30. Bxc7 Bxf5 31. Re1 Rxe1 32. Kxe1 Bc2 33. a5 d3 34.
Kd2 Bxb2 35. Bxd3 Bxd3 36. Kxd3 Kf8 37. Ke4 Ke7 38. Kd5 Kd7 39. Bb6 Bc3 40. g4
Bg7 41. Be3 Bf8 42. Bd2 Kc7 43. Bf4+ Kd7 44. h4 Be7 45. h5 Bf8 46. c5 f6 47.
Bd6 Bg7 48. Ke4 Ke6 49. Kf4 Kf7 50. Kf5 Bh8 51. Bf4 Bg7 52. Bd6 Bh8 53. Ke4 Bg7
54. Kd5 Bh8 55. Bf4 Bg7 56. Bd2 Bf8 57. c6 bxc6+ 58. Kxc6 f5 59. g5 hxg5 60.
Bxg5 Ke6 61. Kb6 Kd5 62. Kxa6 Kc6 63. h6 Kc7 64. h7 Bg7 65. Kb5 1-0

[Event " "]
[Site "Lyon Olympique Echecs"]
[Date "17.??.??"]
[Round "8.5"]
[White "Kerbrat, Julien"]
[Black "Eustache, Boris"]
[Result "0-1"]
[WhiteElo "2172"]
[BlackElo "2147"]
[PlyCount "112"]
[EventDate "17.??.??"]
[WhiteTeam "Cannes II"]
[BlackTeam "Paris Chess Club II"]

1. e4 e6 2. d3 d5 3. Nd2 Nf6 4. Ngf3 b6 5. Qe2 dxe4 6. dxe4 Ba6 7. c4 Nc6 8. e5
Nd7 9. b3 Nc5 10. Bb2 Nb4 11. Kd1 Qd3 12. Qxd3 Ncxd3 13. Bxd3 Nxd3 14. Bd4
O-O-O 15. Kc2 Nb4+ 16. Kb2 Bc5 17. Bxc5 Nd3+ 18. Kc2 Nxc5 19. Rad1 h6 20. Nb1
Bb7 21. Nc3 Ne4 22. Nxe4 Bxe4+ 23. Kc1 Bxf3 24. gxf3 a5 25. Rhg1 g6 26. Rg4
Rxd1+ 27. Kxd1 Rd8+ 28. Ke2 c5 29. Rf4 Rd7 30. Rf6 Kd8 31. f4 h5 32. f5 gxf5
33. f4 Ke7 34. Rh6 Rd4 35. Ke3 Re4+ 36. Kf3 a4 37. Rxh5 Re1 38. Rh8 axb3 39.
axb3 Rb1 40. Rb8 Rxb3+ 41. Ke2 Rb4 42. Kf3 Rxc4 43. Rxb6 Kf8 44. Rc6 Kg7 45. h3
Rc3+ 46. Ke2 Kg6 47. Rc8 Rxh3 48. Kf2 Kh5 49. Kg2 Rc3 50. Rg8 c4 51. Rg7 Rd3
52. Rxf7 Kg4 53. Re7 c3 54. Kf2 Kxf4 55. Rxe6 c2 56. Rc6 Rd2+ 0-1

[Event " "]
[Site "Lyon Olympique Echecs"]
[Date "17.??.??"]
[Round "8.6"]
[White "Cohen, Aurelien"]
[Black "Delabaca, Romuald"]
[Result "1/2-1/2"]
[WhiteElo "2217"]
[BlackElo "2160"]
[PlyCount "155"]
[EventDate "17.??.??"]
[WhiteTeam "Paris Chess Club II"]

1. e4 e5 2. Nf3 Nc6 3. Bb5 a6 4. Ba4 Nf6 5. d4 exd4 6. O-O Be7 7. e5 Ne4 8.
Nxd4 O-O 9. Nf5 d5 10. Bxc6 bxc6 11. Nxe7+ Qxe7 12. Re1 Re8 13. f3 Nc5 14. b3
Ne6 15. Qd2 Qc5+ 16. Qf2 Qd4 17. Qxd4 Nxd4 18. Na3 Bf5 19. Bb2 Ne6 $11 20. g4
Bg6 21. Rad1 Red8 22. Kf2 a5 23. Kg3 a4 24. f4 Be4 25. f5 Nc5 26. Bd4 Nd7 27.
b4 Re8 28. Kf4 g5+ 29. Kxg5 Nxe5 30. Bxe5 Rxe5 31. Rd4 Kg7 32. Nc4 f6+ 33. Kf4
Ree8 34. c3 Bg2 35. Rxe8 Rxe8 36. Ne3 Bh1 37. a3 Kf7 38. h4 h6 39. c4 dxc4 40.
Rxc4 Rd8 41. g5 hxg5+ 42. hxg5 fxg5+ 43. Kxg5 Rd3 44. Ng4 Rxa3 45. Ne5+ Kg8 46.
Rh4 Rg3+ 47. Kf6 Bg2 48. Ng6 Rh3 49. Rg4 Bf3 50. Rg1 Rh1 51. Rg3 Bd5 52. Re3
Bf7 53. Ne7+ Kf8 54. Rd3 Ke8 55. Re3 Kf8 56. Rd3 Ke8 57. Re3 Kf8 58. Ng6+ Bxg6
59. Kxg6 Rg1+ 60. Kf6 Rd1 61. Ra3 Rd6+ 62. Kg5 c5 63. bxc5 Rc6 64. Rxa4 Rxc5
65. Kg6 Rc1 66. Rh4 Ke7 67. f6+ Ke6 68. Re4+ Kd5 69. Re8 Rg1+ 70. Kf7 c5 71.
Rd8+ Ke4 72. Ke6 c4 73. Rc8 Kd3 74. Rd8+ Ke3 75. f7 Rf1 76. Rd1 Rxf7 77. Kxf7
c3 78. Ke6 1/2-1/2

[Event " "]
[Site "Lyon Olympique Echecs"]
[Date "17.??.??"]
[Round "8.7"]
[White "Vuillermoz, Robert"]
[Black "Moussard, Jules"]
[Result "1/2-1/2"]
[WhiteElo "2124"]
[BlackElo "2190"]
[PlyCount "124"]
[EventDate "17.??.??"]
[WhiteTeam "Cannes II"]
[BlackTeam "Paris Chess Club II"]

1. e4 g6 2. d4 Bg7 3. Nf3 d6 4. h3 Nd7 5. Nc3 a6 6. Be3 b5 7. e5 Nb6 8. a4 b4
9. a5 bxc3 10. axb6 cxb2 11. Rb1 cxb6 12. Rxb2 d5 13. c4 e6 14. Qa4+ Bd7 15.
Qb4 dxc4 16. Bg5 Qc7 17. Qxb6 Qxb6 18. Rxb6 Bb5 19. Nd2 h6 20. Be3 Rc8 21. Ne4
Bf8 22. Bd2 Ba3 23. Nc3 Ne7 24. Kd1 Bb2 25. Nxb5 axb5 26. Rxb5 c3 27. Bc1 c2+
28. Kd2 Bxd4 29. Bd3 Bxf2 30. Rb7 Bh4 31. Ke2 Nd5 32. Rf1 Be7 33. Bb5+ Kf8 34.
Bd7 Rd8 35. Bd2 Kg7 36. Bc6 Kf8 37. Bxd5 Rxd5 38. Rb8+ Kg7 39. Rxh8 Kxh8 40.
Rxf7 Bg5 41. Bxg5 Rxe5+ 42. Kf3 Rxg5 43. Rc7 Rf5+ 44. Ke4 Rf2 45. Ke5 Rxg2 46.
Kxe6 h5 47. Ke5 Kg8 48. Kf6 h4 49. Rc6 Kh7 50. Rc8 Rh2 51. Kg5 Rg2+ 52. Kxh4
g5+ 53. Kh5 Kg7 54. Rc6 Kf7 55. h4 gxh4 56. Kxh4 Ke7 57. Kh3 Kd7 58. Rc3 Rd2
59. Kg3 Ke6 60. Kf4 Rh2 61. Kg3 Rd2 62. Kf4 Kd5 1/2-1/2

[Event " "]
[Site "Lyon Olympique Echecs"]
[Date "17.??.??"]
[Round "8.8"]
[White "Kohi, Camilla"]
[Black "Verot, Melanie"]
[Result "0-1"]
[WhiteElo "1875"]
[BlackElo "2092"]
[PlyCount "94"]
[EventDate "17.??.??"]
[WhiteTeam "Paris Chess Club II"]

1. e4 c5 2. d3 Nc6 3. Nc3 g6 4. g3 Bg7 5. Bg2 Nf6 6. f4 d6 7. Nf3 O-O 8. O-O a6
9. h3 e5 10. Kh2 exf4 11. gxf4 d5 12. Qe1 Nb4 13. Qf2 d4 14. Nd1 Nh5 15. a3 Nc6
16. Kh1 Qc7 17. Nh2 Be6 18. Kg1 Ne7 19. f5 gxf5 20. exf5 Nxf5 21. Qf3 Nf6 22.
Qxb7 Qg3 23. Bf4 Qg6 24. Qf3 Nh4 25. Qg3 Nxg2 26. Kxg2 Nh5 27. Qxg6 Nxf4+ 28.
Rxf4 hxg6 29. Ng4 Bd5+ 30. Kg1 f5 31. Nh2 Rae8 32. c4 Bc6 33. b4 Be5 34. Rf2
Bd6 35. Nf3 Re7 36. Nh2 Re1+ 37. Nf1 Rfe8 38. b5 axb5 39. cxb5 Bxb5 40. Rd2 Bf4
41. Rg2 Kf7 42. Rc2 Bxd3 43. Rf2 Be3 44. Ndxe3 Rxa1 45. Nd5 Ree1 46. Nf4 Rxf1+
47. Rxf1 Rxf1+ 0-1

[Event " "]
[Site "Lyon Olympique Echecs"]
[Date "17.??.??"]
[Round "8.1"]
[White "Savchenko, Stanislav"]
[Black "Pira, Davoud"]
[Result "1-0"]
[WhiteElo "2525"]
[BlackElo "2395"]
[PlyCount "64"]
[EventDate "17.??.??"]
[WhiteTeam "Marseille Duchamps"]
[BlackTeam "Lutèce Echecs"]

1. d4 Nf6 2. c4 c5 3. d5 g6 4. Nc3 Bg7 5. e4 d6 6. Bd3 a6 7. a4 b6 8. f4 O-O 9.
Nf3 Bg4 10. h3 Bxf3 11. Qxf3 Nbd7 12. O-O Rb8 13. Bd2 Ne8 14. Rae1 Rb7 15. Re2
Qb8 16. Rfe1 Bd4+ 17. Kh1 e5 18. f5 Qd8 19. Rf1 Kg7 20. g4 f6 21. h4 Rf7 22. g5
Nf8 23. Rg2 Qd7 24. h5 Kh8 25. Rh2 fxg5 26. hxg6 Nxg6 27. Bxg5 Nf4 28. Bxf4
exf4 29. Ne2 Be5 30. Nxf4 Bxf4 31. Qxf4 Rg7 32. Qh6 Nf6 1-0

[Event " "]
[Site "Lyon Olympique Echecs"]
[Date "17.??.??"]
[Round "8.2"]
[White "San Emeterio Cabanes, Jose L"]
[Black "Renet, Olivier"]
[Result "0-1"]
[WhiteElo "2392"]
[BlackElo "2517"]
[PlyCount "86"]
[EventDate "17.??.??"]
[WhiteTeam "Lutèce Echecs"]

1. b3 e5 2. Bb2 Nc6 3. e3 Nf6 4. c4 d5 5. cxd5 Nxd5 6. a3 Bd6 7. d3 O-O 8. Nd2
f5 9. Ngf3 Qe7 10. Nc4 Nb6 11. Nxd6 cxd6 12. Be2 Rf6 13. d4 e4 14. Ng5 d5 15.
h4 f4 16. exf4 Rxf4 17. Bc1 Rf8 18. g3 a5 19. Be3 a4 20. b4 Bd7 21. Rc1 Na7 22.
Rc5 Nac8 23. Qc2 Nd6 24. Qa2 Kh8 25. g4 Ndc4 26. Bxc4 Nxc4 27. Qe2 Be6 28. Rh3
Nxa3 29. Nxh7 Kxh7 30. Bg5 Qd7 31. Rxa3 b6 32. Rcc3 Bxg4 33. Qc2 Qb5 34. Rg3
Bh5 35. Rac3 Rfc8 36. Be7 Rxc3 37. Rxc3 a3 38. Qa2 Ra7 39. Bd6 Rd7 40. Be5 Ra7
41. Bd6 Qd7 42. Qxd5 Bf7 43. Qxe4+ Bg6 0-1

[Event " "]
[Site "Lyon Olympique Echecs"]
[Date "17.??.??"]
[Round "8.3"]
[White "Howell, David Wl"]
[Black "Babault, Patrice"]
[Result "1-0"]
[WhiteElo "2501"]
[BlackElo "2310"]
[PlyCount "91"]
[EventDate "17.??.??"]
[WhiteTeam "Marseille Duchamps"]
[BlackTeam "Lutèce Echecs"]

1. e4 c5 2. c3 d5 3. exd5 Qxd5 4. d4 Nc6 5. Nf3 Nf6 6. dxc5 Qxc5 7. Na3 Ng4 8.
Qd2 Bf5 9. Nb5 Nce5 10. Qd4 Rc8 11. Nxe5 Qxe5+ 12. Qxe5 Nxe5 13. Nxa7 Rd8 14.
Be3 Nd3+ 15. Bxd3 Bxd3 16. O-O-O g6 17. Rd2 Rd7 18. Rhd1 Bf5 19. Nb5 Rxd2 20.
Rxd2 f6 21. c4 Bg7 22. a4 Kf7 23. a5 g5 24. b4 g4 25. Kb2 h5 26. Bc5 h4 27. Re2
Bf8 28. Kb3 Bd3 29. Re1 g3 30. hxg3 hxg3 31. fxg3 Rg8 32. Kc3 Rxg3 33. Re3 Rxe3
34. Bxe3 Be4 35. g3 Bg2 36. Nc7 e5 37. b5 Bd6 38. Nd5 Ke6 39. a6 bxa6 40. bxa6
Bb8 41. Kb4 f5 42. Kb5 f4 43. gxf4 exf4 44. Bxf4 Ba7 45. Be3 Bxe3 46. Nxe3 1-0

[Event " "]
[Site "Lyon Olympique Echecs"]
[Date "17.??.??"]
[Round "8.4"]
[White "Lamorelle, Yves"]
[Black "Kosten, Anthony C"]
[Result "1/2-1/2"]
[WhiteElo "2225"]
[BlackElo "2534"]
[PlyCount "60"]
[EventDate "17.??.??"]
[WhiteTeam "Lutèce Echecs"]

1. e4 e5 2. Nf3 Nc6 3. Bc4 Nf6 4. d3 Bc5 5. Bb3 d6 6. c3 Bb6 7. Nbd2 O-O 8. Nc4
Ne7 9. Bc2 Ng6 10. a4 c6 11. Nxb6 axb6 12. Bd2 h6 13. O-O Nh7 14. d4 f6 15. Be3
Qe7 16. Nd2 b5 17. Qh5 Qe8 18. axb5 Rxa1 19. Rxa1 cxb5 20. Ra8 Ne7 21. Qe2 Ng5
22. Bb3+ Nf7 23. Nb1 exd4 24. cxd4 f5 25. Bf4 Qc6 26. Nc3 Bd7 27. d5 Qc5 28.
Rxf8+ Kxf8 29. h3 b4 30. Nd1 Qd4 1/2-1/2

[Event " "]
[Site "Lyon Olympique Echecs"]
[Date "17.??.??"]
[Round "8.5"]
[White "Boudre, Jean-Pierre"]
[Black "Derieux, Christian"]
[Result "0-1"]
[WhiteElo "2324"]
[BlackElo "2134"]
[PlyCount "116"]
[EventDate "17.??.??"]
[WhiteTeam "Marseille Duchamps"]
[BlackTeam "Lutèce Echecs"]

1. d4 Nf6 2. Nf3 c5 3. c3 b6 4. Bg5 e6 5. e3 Be7 6. Nbd2 Bb7 7. Bd3 d5 8. Ne5
O-O 9. O-O Nfd7 10. Bf4 Nxe5 11. Bxe5 Ba6 12. Bxa6 Nxa6 13. Qa4 Nb8 14. Nf3 Qd7
15. Qc2 Nc6 16. Rad1 Qb7 17. Bg3 Rac8 18. Rfe1 Rfd8 19. h4 b5 20. dxc5 Bxc5 21.
h5 Bf8 22. Qe2 b4 23. Bh4 Be7 24. Bxe7 Qxe7 25. cxb4 Nxb4 26. a3 Nc2 27. Rf1
Qb7 28. Rb1 d4 29. exd4 Nxd4 30. Nxd4 Rxd4 31. Rfd1 Rcd8 32. Rxd4 Rxd4 33. Rc1
h6 34. Qc2 Qd5 35. Qc8+ Kh7 36. Qc2+ Kg8 37. Qc8+ Kh7 38. Qc2+ f5 39. Re1 Rg4
40. g3 Rg5 41. Qe2 f4 42. Qc2+ Qf5 43. Qxf5+ exf5 44. Re7 fxg3 45. Rxa7 gxf2+
46. Kxf2 Rxh5 47. Rb7 Rh1 48. Rb5 Kg6 49. a4 Ra1 50. a5 Kg5 51. b4 Kf4 52. Rb6
Ra2+ 53. Kg1 g5 54. Rf6 Ra4 55. a6 Rxb4 56. Rxh6 Kg3 57. Kf1 Ra4 58. Ke2 f4 0-1

[Event " "]
[Site "Lyon Olympique Echecs"]
[Date "17.??.??"]
[Round "8.6"]
[White "Maleki, Nicolas"]
[Black "Poisson, Olivier"]
[Result "1/2-1/2"]
[WhiteElo "2116"]
[BlackElo "2161"]
[PlyCount "129"]
[EventDate "17.??.??"]
[WhiteTeam "Lutèce Echecs"]

1. e4 d6 2. d4 Nf6 3. Nc3 g6 4. Nf3 Bg7 5. Be3 O-O 6. Qd2 Ng4 7. Bg5 h6 8. Bh4
c5 9. dxc5 g5 10. Bg3 dxc5 11. Nd5 Nc6 12. O-O-O Nf6 13. Nxf6+ Bxf6 14. e5
Qxd2+ 15. Rxd2 Bg7 16. Bb5 Be6 17. Rhd1 Rac8 18. Kb1 Rfd8 19. Bxc6 Rxd2 20.
Nxd2 Rxc6 21. Ne4 Kh7 22. Nc3 Rc7 23. Nd5 Bxd5 24. Rxd5 e6 25. Rd3 Kg6 26. Kc1
c4 27. Rc3 Kf5 28. Rf3+ Kg6 29. Kd2 h5 30. h4 g4 31. Ra3 b5 32. Ra5 Rb7 33. Kc3
Kf5 34. a4 bxa4 35. Rxa4 f6 36. Kxc4 fxe5 37. b4 Bf8 38. c3 Rc7+ 39. Kb3 Bd6
40. Ra6 Rd7 41. c4 Bb8 42. c5 Re7 43. Kc4 Ke4 44. b5 Kf5 45. Rc6 Re8 46. b6
axb6 47. cxb6 e4 48. Bxb8 Rxb8 49. g3 e3 50. fxe3 Ke4 51. Rxe6+ Kf3 52. Kc5
Kxg3 53. Kc6 Kxh4 54. b7 g3 55. Rg6 Kh3 56. Kc7 Rxb7+ 57. Kxb7 g2 58. e4 h4 59.
e5 Kh2 60. e6 g1=Q 61. Rxg1 Kxg1 62. e7 h3 63. e8=Q h2 64. Qg6+ Kh1 65. Qh5
1/2-1/2

[Event " "]
[Site "Lyon Olympique Echecs"]
[Date "17.??.??"]
[Round "8.7"]
[White "Fernandez, Laura"]
[Black "Wunderman, Xavier"]
[Result "0-1"]
[WhiteElo "2044"]
[BlackElo "2113"]
[PlyCount "54"]
[EventDate "17.??.??"]
[WhiteTeam "Marseille Duchamps"]
[BlackTeam "Lutèce Echecs"]

1. e4 c6 2. d4 d5 3. Nc3 dxe4 4. Nxe4 Bf5 5. Ng3 Bg6 6. h4 h6 7. h5 Bh7 8. Nf3
Nd7 9. Bd3 Bxd3 10. Qxd3 Ngf6 11. Ne4 e6 12. Bd2 Be7 13. O-O-O Qb6 14. Ne5 Rd8
15. Nc4 Qc7 16. Qf3 Nxe4 17. Qxe4 Nf6 18. Qh4 Qd7 19. Qg3 Qd5 20. Na5 Qxa2 21.
Nb3 Ne4 22. Qxg7 Bf6 23. Qg4 Rxd4 24. c3 Qxb3 25. cxd4 Nxf2 26. Rh3 Qc4+ 27.
Rc3 Qxc3+ 0-1

[Event " "]
[Site "Lyon Olympique Echecs"]
[Date "17.??.??"]
[Round "8.8"]
[White "Dacalor, Aurelie"]
[Black "Habbouche, Julien"]
[Result "0-1"]
[WhiteElo "2016"]
[BlackElo "1942"]
[PlyCount "56"]
[EventDate "17.??.??"]
[WhiteTeam "Lutèce Echecs"]

1. d4 d5 2. c4 e6 3. Nc3 Nf6 4. Bg5 c6 5. e3 Bd6 6. Nf3 O-O 7. Ne5 Nbd7 8. f4
Qc7 9. Nxd7 Bxd7 10. Bxf6 gxf6 11. Qh5 e5 12. cxd5 exd4 13. Bd3 f5 14. exd4
Rae8+ 15. Kd1 Bxf4 16. Bxf5 Bxf5 17. Qxf5 Re3 18. Ne4 Kg7 19. d6 Qb6 20. Qf6+
Kg8 21. Nd2 Qxb2 22. Rb1 Qxa2 23. d7 Qa4+ 24. Nb3 Rxb3 25. d8=Q Rxd8 26. Qxd8+
Kg7 27. Rxb3 Qxb3+ 28. Ke2 Qe3+ 0-1

[Event " "]
[Site "Lyon Olympique Echecs"]
[Date "17.??.??"]
[Round "8.1"]
[White "Romero Holmes, Alfonso"]
[Black "Riff, Vincent"]
[Result "1-0"]
[WhiteElo "2515"]
[BlackElo "2329"]
[PlyCount "75"]
[EventDate "17.??.??"]
[WhiteTeam "Avignon"]
[BlackTeam "Mulhouse II"]

1. d4 Nf6 2. c4 e6 3. g3 Bb4+ 4. Bd2 Qe7 5. Bg2 Bxd2+ 6. Nxd2 O-O 7. e3 d5 8.
Ne2 c6 9. O-O Rd8 10. Qc2 Na6 11. Rac1 Bd7 12. Rfe1 Rac8 13. Qb1 b5 14. c5 e5
15. Qd3 Bg4 16. dxe5 Nd7 17. Qa3 Bxe2 18. Rxe2 Nc7 19. f4 Ne6 20. Nf3 Qf8 21.
Rec2 Rb8 22. Nd4 Nxd4 23. exd4 Rb7 24. Re2 Qe7 25. Qd3 Nf8 26. f5 Qg5 27. Rf1
Re8 28. h4 Qh6 29. Bh3 Rbe7 30. Ref2 Nd7 31. f6 Nxe5 32. dxe5 Rxe5 33. Kg2 g6
34. Qd2 Qf8 35. Bd7 Rd8 36. Bxc6 d4 37. b4 d3 38. Re1 1-0